| 000 | 00591cam a2200193 a 4500 | ||
|---|---|---|---|
| 020 | _a9781422187104 (pbk. : alk. paper) | ||
| 020 | _a1422187101 (pbk. : alk. paper) | ||
| 040 | _cDLC | ||
| 082 | 0 | 0 | _a658 HAR 2012 A116 Or. |
| 100 | 1 | _aDuarte, Nancy. | |
| 245 | 1 | 0 | _aHBR guide to persuasive presentations / |
| 246 | 3 | _aPersuasive presentations | |
| 260 |
_aBoston, Mass. : _bHarvard Business Review Press, _cc2012. |
||
| 300 |
_axvii, 229 p. : _bill. ; _c23 cm. |
||
| 500 | _aIncludes index. | ||
| 650 | 0 | _aBusiness presentations. | |
| 650 | 0 | _aPersuasion (Psychology) | |
| 942 | _cAEDBB | ||
| 999 |
_c17531 _d17531 |
||